03212nkc a2200373za 450000100060000000300040000600500170001000700070002700800410003404000110007510000440008624500970013026000150022730000900024250001800033250002270051250002230073950500330096254401370099561000540113265100180118665500320120485201020123685601500133885601500148885601500163885601500178885601500193885601500208885601500223885601500238885601500253885601500268884430OSt20260416150051.0kh boc250408s1910 sp ||||| |||| 00| i|spa d cM-RABA aMartínez Terol, Federicod(1868-1936)1 a[Vistas y detalles del Monasterio de Carracedo]c / Fotografía Terolh[Material gráfico] c[ca. 1910] a10 fotografíasb: gelatina c; imagen 12,5 x 17 cmc; soporte secundario 21 x 26 cm aConjunto de diez fotografías de vistas y detalles del estado del Monasterio de Carracedo, en León, declarado Monumento Histórico–Artístico el 9 de noviembre de 1929. aFotografías montadas sobre soporte secundario de cartón con marco e inscripciones grabadas en dorado. Inscrito en el soporte: Fotografía Terol, Hortaleza 33, Madrid” ; “Representante artístico Don Ramón Saus" aEstán atribuidas al fotógrafo natural de Murcia, Federico Martínez Terol, cuyo estudio fotográfico "Fotografía Terol" de la Calle Hortaleza, 33, nº4 de Madrid, mantuvo actividad entre los años 1895 y 1936. aNumeradas a lápiz al verso aDocumentación de la Comisión Provincial de Monumentos de León sobre Carracedo: Archivo. 41-4/4 (1879-1910, 48-8/2 (1840-1880) 20aMonasterio de Santa María de Carracedo (León) 7aLeón2embne 0aFotografías de monumentos jFot-547 ; Fot-548 ; Fot-549 ; Fot-550 ; Fot-551 ; Fot-552 ; Fot-553 ; Fot-554 ; Fot-555 ; Fot-556 3Fot-547uhttps://archivoybiblioteca.realacademiabellasartessanfernando.com/cgi-bin/koha/opac-retrieve-file.pl?id=610b2d48a73ef8ff6727451394360a2f 3Fot-548uhttps://archivoybiblioteca.realacademiabellasartessanfernando.com/cgi-bin/koha/opac-retrieve-file.pl?id=941ae2b851ffc44af939d075b922b799 3Fot-549uhttps://archivoybiblioteca.realacademiabellasartessanfernando.com/cgi-bin/koha/opac-retrieve-file.pl?id=af81801680cb1e385bb33558b899b8b8 3Fot-550uhttps://archivoybiblioteca.realacademiabellasartessanfernando.com/cgi-bin/koha/opac-retrieve-file.pl?id=cf79ac24c57a7495a446ed99e26297bc 3Fot-551uhttps://archivoybiblioteca.realacademiabellasartessanfernando.com/cgi-bin/koha/opac-retrieve-file.pl?id=7d94e6017b1f868eee8adfaa12d030ca 3Fot-552uhttps://archivoybiblioteca.realacademiabellasartessanfernando.com/cgi-bin/koha/opac-retrieve-file.pl?id=5f44ffa65aae5f6bfc8d9c656f0d1cf6 3Fot-553uhttps://archivoybiblioteca.realacademiabellasartessanfernando.com/cgi-bin/koha/opac-retrieve-file.pl?id=f7ccf5d39262203f62097445f8491b33 3Fot-554uhttps://archivoybiblioteca.realacademiabellasartessanfernando.com/cgi-bin/koha/opac-retrieve-file.pl?id=63defe7bd970a9fc0951c243e4a7a4da 3Fot-555uhttps://archivoybiblioteca.realacademiabellasartessanfernando.com/cgi-bin/koha/opac-retrieve-file.pl?id=e42b4ab83aa8cd193334f6ff9a0e54a8 3Fot-556uhttps://archivoybiblioteca.realacademiabellasartessanfernando.com/cgi-bin/koha/opac-retrieve-file.pl?id=a288209c907d799101d0b96d3c5023e2